000
00209 a2200097 4500
001
24505
100
_a
Balabanian, N
245
_a
Network Synthesis
260
_a
_b
Prentice Hall
_c
1964
090
_c
16558
_d
16558
942
_a
NUST-CAE
_c
M
_c
7289
999
_c
259578
_d
259578